Central Library OPAC University of Rajshahi

The critical works of John Dennis / (Record no. 19170)

MARC details
000 -LEADER
fixed length control field 00967nam a2200301 a 4500
001 - CONTROL NUMBER
control field 19170
003 - CONTROL NUMBER IDENTIFIER
rucl marc code BD-RjUL
005 - DATE AND TIME OF LATEST TRANSACTION
control field 20211209000408.0
008 - FIXED-LENGTH DATA ELEMENTS--GENERAL INFORMATION
fixed length control field 140223s1939 mdu 000 0 eng d
035 ## - SYSTEM CONTROL NUMBER
System control number (BD-RjUL)19228
System control number (OCoLC)327105
040 ## - CATALOGING SOURCE
Original cataloging agency DLC
Transcribing agency WSU
Modifying agency SER
-- m.c
-- SER
-- BD-RjUL
Language of cataloging eng
041 ## - LANGUAGE CODE
Language code of text/sound track or separate title eng
082 04 - DEWEY DECIMAL CLASSIFICATION NUMBER
Edition number 21
Classification number 809.933543
Author mark and year DEC V-1 1939
100 1# - MAIN ENTRY--PERSONAL NAME
Personal name Dennis, John,
Dates associated with a name 1657-1734.
9 (RLIN) 58975
245 14 - TITLE STATEMENT
Title The critical works of John Dennis /
Statement of responsibility, etc. edited by Edward Niles Hooker.
Number of part/section of a work Volume I :
Name of part/section of a work 1692-1711
260 ## - PUBLICATION, DISTRIBUTION, ETC. (IMPRINT)
Place of publication, distribution, etc. Baltimore :
Name of publisher, distributor, etc. Johns Hopkins University Press,
Date of publication, distribution, etc. 1939.
300 ## - PHYSICAL DESCRIPTION
Pagination xi, V. ;
Size 26 cm
505 ## - FORMATTED CONTENTS NOTE
Formatted contents note Vol. 1.--V-2. 1711-1729.--
650 #0 - SUBJECT ADDED ENTRY--TOPICAL TERM
Topical term or geographic name as entry element Literature
General subdivision History and criticism.
9 (RLIN) 58976
Topical term or geographic name as entry element Criticism
9 (RLIN) 58977
700 1# - ADDED ENTRY--PERSONAL NAME
Personal name Hooker, Edward Niles.
710 2# - ADDED ENTRY--CORPORATE NAME
Corporate name or jurisdiction name as entry element Modern Language Association of America.
9 (RLIN) 57147
942 ## - ADDED ENTRY ELEMENTS (KOHA)
Source of classification or shelving scheme Dewey Decimal Classification
Koha item type Books
Holdings
Lost status Source of classification or shelving scheme Damaged status Not for loan Collection code Permanent Location Current Location Shelving location Date acquired Source of acquisition Cost, normal purchase price Total Checkouts Full call number Date last seen Copy number Koha item type
  Dewey Decimal Classification   Not For Loan Non-fiction Central Library, University of Rajshahi Central Library, University of Rajshahi Reading Room 08/08/1955 O.U.P 20.00   809.933543 DEC V-1 1939 23/02/2014 C-1 Books
  Dewey Decimal Classification   Not For Loan Non-fiction Central Library, University of Rajshahi Central Library, University of Rajshahi Reading Room 08/08/1955 O. U. P. 30.00   809.933543 DEC V-2 1943 02/02/2020 C-1 Books